<?xml version="1.0" encoding="UTF-8"?>
<record
    xmlns:xsi="http://www.w3.org/2001/XMLSchema-instance"
    xsi:schemaLocation="http://www.loc.gov/MARC21/slim http://www.loc.gov/standards/marcxml/schema/MARC21slim.xsd"
    xmlns="http://www.loc.gov/MARC21/slim">

  <leader>01230nam a2200265   4500</leader>
  <controlfield tag="003">OTs</controlfield>
  <controlfield tag="005">20260601193903.0</controlfield>
  <controlfield tag="008">260508b2011    xxu||||| |||| 00| 0 eng d</controlfield>
  <datafield tag="020" ind1=" " ind2=" ">
    <subfield code="a">9780870708084</subfield>
  </datafield>
  <datafield tag="040" ind1=" " ind2=" ">
    <subfield code="a">ICI</subfield>
    <subfield code="b">spa</subfield>
    <subfield code="c">ICI</subfield>
    <subfield code="e">rda</subfield>
  </datafield>
  <datafield tag="050" ind1=" " ind2="0">
    <subfield code="a">NK2117.K5</subfield>
    <subfield code="b">L36 2011</subfield>
  </datafield>
  <datafield tag="100" ind1=" " ind2="1">
    <subfield code="a">Lantz, Juliet Kinchin.</subfield>
    <subfield code="e">autor</subfield>
    <subfield code="9">34209</subfield>
  </datafield>
  <datafield tag="245" ind1=" " ind2="1">
    <subfield code="a">Counter space : </subfield>
    <subfield code="b">Design and the modern kitchen / </subfield>
    <subfield code="c">Juliet Kinchin and Aidan O'Connor.</subfield>
  </datafield>
  <datafield tag="264" ind1=" " ind2=" ">
    <subfield code="a">New York :</subfield>
    <subfield code="b">Museum of Modern Art, </subfield>
    <subfield code="c"> 2011.</subfield>
  </datafield>
  <datafield tag="300" ind1=" " ind2=" ">
    <subfield code="a">88 p&#xE1;ginas : </subfield>
    <subfield code="b"> ilustraciones (color y blanco y negro) ;</subfield>
  </datafield>
  <datafield tag="336" ind1=" " ind2=" ">
    <subfield code="2">rdacontent</subfield>
    <subfield code="a">texto</subfield>
  </datafield>
  <datafield tag="337" ind1=" " ind2=" ">
    <subfield code="2">rdamedia</subfield>
    <subfield code="a">sin medio</subfield>
  </datafield>
  <datafield tag="338" ind1=" " ind2=" ">
    <subfield code="2">rdacarrier</subfield>
    <subfield code="a">volumen</subfield>
  </datafield>
  <datafield tag="500" ind1=" " ind2=" ">
    <subfield code="a">Publicado con motivo de la exposici&#xF3;n celebrada en el Museum of Modern Art, Nueva York, del 15 de diciembre de 2010 al 14 de marzo de 2011.Publicado con motivo de la exposici&#xF3;n celebrada en el Museum of Modern Art, Nueva York, del 15 de diciembre de 2010 al 14 de marzo de 2011.</subfield>
  </datafield>
  <datafield tag="650" ind1=" " ind2=" ">
    <subfield code="a">Cocinas </subfield>
    <subfield code="v">Exposiciones.</subfield>
    <subfield code="x">Dise&#xF1;o y construcci&#xF3;n</subfield>
    <subfield code="9">34210</subfield>
  </datafield>
  <datafield tag="650" ind1=" " ind2=" ">
    <subfield code="a">Utensilios de cocina </subfield>
    <subfield code="v"> Exposiciones.</subfield>
    <subfield code="x">Dise&#xF1;o</subfield>
    <subfield code="x"> Historia</subfield>
    <subfield code="y"> Siglo XX</subfield>
    <subfield code="9">34211</subfield>
  </datafield>
  <datafield tag="700" ind1=" " ind2="1">
    <subfield code="a">O'Connor, Aidan.</subfield>
    <subfield code="9">34212</subfield>
  </datafield>
  <datafield tag="710" ind1=" " ind2="2">
    <subfield code="a">Museum of Modern Art (New York, N.Y.)</subfield>
  </datafield>
  <datafield tag="942" ind1=" " ind2=" ">
    <subfield code="2">lcc</subfield>
    <subfield code="n">1</subfield>
    <subfield code="c">B</subfield>
  </datafield>
  <datafield tag="999" ind1=" " ind2=" ">
    <subfield code="c">22322</subfield>
    <subfield code="d">22322</subfield>
  </datafield>
  <datafield tag="952" ind1=" " ind2=" ">
    <subfield code="0">0</subfield>
    <subfield code="1">0</subfield>
    <subfield code="2">lcc</subfield>
    <subfield code="4">0</subfield>
    <subfield code="7">0</subfield>
    <subfield code="a">BDIMFM</subfield>
    <subfield code="b">BDIMFM</subfield>
    <subfield code="d">2026-05-08</subfield>
    <subfield code="l">0</subfield>
    <subfield code="o">NK2117.K5 L36 2011</subfield>
    <subfield code="p">BDIMFM000223</subfield>
    <subfield code="r">2026-05-08 19:39:00</subfield>
    <subfield code="t">Ej.1</subfield>
    <subfield code="w">2026-05-08</subfield>
    <subfield code="y">B</subfield>
  </datafield>
</record>
